| 000 | 01051cam a2200301 a 4500 | ||
|---|---|---|---|
| 001 | 12733685 | ||
| 003 | NUST - PNEC | ||
| 005 | 20170116181129.0 | ||
| 008 | 020408s2001 njua b 001 0 eng d | ||
| 010 | _a 2002279536 | ||
| 020 | _a8120323793 | ||
| 035 | _a(OCoLC)ocm48513940 | ||
| 040 |
_aIVJ _cLIBRARY _dMIA _dDLC |
||
| 042 | _alccopycat | ||
| 050 | 0 | 0 |
_aTJ211 _b.N547 2001 |
| 082 | 0 | 0 | _a629.892 NIK |
| 100 | 1 |
_aNiku, Saeed B. _q(Saeed Benjamin) |
|
| 245 | 1 | 3 |
_aAn introduction to robotics analysis, systems, applications / _cSaeed B. Niku. |
| 246 | 3 | 0 | _aRobotics analysis, systems, applications |
| 260 |
_aNew Delhi : _bPrentice Hall, _cc2001. |
||
| 300 |
_axiv, 349 p. : _bill. ; _c24 cm. |
||
| 504 | _aIncludes bibliographical references and index. | ||
| 650 | 0 |
_aRobotics. _xME |
|
| 856 | 4 | 1 |
_3Table of contents _uhttp://www.loc.gov/catdir/toc/fy032/2002279536.html |
| 906 |
_a7 _bcbc _ccopycat _d2 _encip _f20 _gy-gencatlg |
||
| 942 |
_2ddc _cBK |
||
| 999 |
_c69897 _d69897 |
||